AFL teams Best Tall Forwards - Statistics

General Stats
  • This quiz has been taken 229 times
    227 since last reset
  • The average score is 9 of 18
Answer Stats
Hint Answer % Correct
Adelaide Walker
89%
Geelong Hawkins
73%
Sydney Franklin
72%
GWS Cameron
69%
West Coast Kennedy
66%
Essendon Daniher
64%
Richmond Riewoldt
63%
St Kilda Riewoldt
63%
Gold Coast Lynch
60%
Brisbane Hipwood
56%
North Melbourne Brown
47%
Hawthorn Roughead
47%
Carlton Casboult
38%
Collingwood Moore
26%
Western Bulldogs Stringer
19%
Fremantle McCarthy
14%
Melbourne Watts
8%
Port Adelaide Dixion
2%
No matching quizzes found
Score Distribution
Percent of People with Each Score
Percentile by Number Answered
Your Score History
You have not taken this quiz since the last reset